Vyhláška Štatistického úradu Slovenskej republiky č. 552/2002 Z.z. z 12. septembra 2002 ...
Vyhláška Štatistického úradu Slovenskej republiky č. 552/2002 Z.z. z 12. septembra 2002, ktorou sa vydáva štatistická odvetvová klasifikácia ekonomických činností (OKEČ). Triedenie ekonomických činností vykonávaných fyzickými a právnickými osobami na štatistické účely a na účely medzinárodného porov...
Na minha lista:
| Formato: | Capítulo de Livro |
|---|---|
| Idioma: | eslovaco |
| Assuntos: | |
| Tags: |
Sem tags, seja o primeiro a adicionar uma tag!
|
MARC
| LEADER | 00000naa a2200000 4500 | ||
|---|---|---|---|
| 001 | r046933 | ||
| 005 | 20230927070920.6 | ||
| 041 | 0 | |a slo | |
| 044 | |a SK | ||
| 245 | 1 | 0 | |a Vyhláška Štatistického úradu Slovenskej republiky č. 552/2002 Z.z. z 12. septembra 2002 ... |
| 520 | |a Vyhláška Štatistického úradu Slovenskej republiky č. 552/2002 Z.z. z 12. septembra 2002, ktorou sa vydáva štatistická odvetvová klasifikácia ekonomických činností (OKEČ). Triedenie ekonomických činností vykonávaných fyzickými a právnickými osobami na štatistické účely a na účely medzinárodného porovnávania štatistických ukazovateľov. Vyhláška nadobúda účinnosť 1. januára 2003. | ||
| 610 | 2 | 0 | |a odvetvia činnosti ekonomickej |
| 610 | 2 | 0 | |a OKEČ |
| 610 | 2 | 0 | |a štatistika |
| 610 | 2 | 0 | |a Slovensko |
| 610 | 2 | 0 | |a 2002 |